000 01007cam a2200313 a 4500
001 3916
005 20240523135722.0
020 _a059068714X
040 _aDLC
_cDLC
_dDLC
_beng
050 0 0 _aQA113.M366
_b1999
082 0 0 _a513.211
100 1 _aMarzollo, Jean
245 1 0 _aI spy little numbers /
_crhymes by Jean Marzollo ; photographs by Walter Wick
246 3 0 _aI spy
250 _aFirst printing , April 1999
260 _aNew York :
_bScholastic Inc.,
_c1999
300 _a23 unnumbered pages :
_bcolor illustrations ;
_c13 cm.
490 _aI Spy
505 _aC
520 _aRhyming text invites the reader to find hidden objects representing the numbers from one to ten.
521 _a140
_bLexile estimate
521 _aC
_bRaz-Plus
650 0 _aCounting
_xJuvenile literature.
650 1 _aCounting.
650 1 _aPicture puzzles.
700 1 _aWick, Walter
_d1953-
_eillustrator
906 _a7
_bcbc
_corignew
_d1
_eocip
_f19
_gy-gencatlg
942 _2ddc
_cBK
_n0
999 _c3916
_d3916